|
|
|
|
| LEADER |
00000naa2a2200000 4500 |
| 001 |
421837 |
| 005 |
20241225170327.0 |
| 035 |
|
|
|a (RuTPU)RU\TPU\prd\79616
|
| 035 |
|
|
|a RU\TPU\tpu\4133
|
| 090 |
|
|
|a 421837
|
| 100 |
|
|
|a 20100406d1991 k||y0rusy50 ca
|
| 101 |
0 |
|
|a rus
|
| 102 |
|
|
|a RU
|
| 200 |
1 |
|
|a Проводимость аксиально текстурированных поликристаллов
|f В. В. Лопатин
|
| 461 |
|
1 |
|0 (RuTPU)RU\TPU\prd\409
|t Физика твердого тела
|f Академия наук СССР
|d 1959-
|
| 463 |
|
1 |
|0 (RuTPU)RU\TPU\prd\79998
|t Т. 33, № 7
|v С. 1948-1951
|d 1991
|
| 610 |
1 |
|
|a труды учёных ТПУ
|
| 700 |
|
1 |
|a Лопатин
|b В. В.
|c электрофизик
|c доктор физико-математических наук, профессор Томского политехнического университета, заместитель директора по научной работе ИФВТ ТПУ
|f 1947-
|g Владимир Васильевич
|3 (RuTPU)RU\TPU\pers\20662
|
| 801 |
|
0 |
|a RU
|b 63413507
|c 20011210
|g PSBO
|
| 801 |
|
2 |
|a RU
|b 63413507
|c 20121115
|g PSBO
|
| 942 |
|
|
|c BK
|